African Country Trivia 1-6 - Statistics

General Stats
  • This quiz has been taken 52 times
  • The average score is 83 of 96
Answer Stats
Question Tile Select % Correct
Only country in Africa with a Spanish speaking majority (68%) Djibouti No
100%
Only country in Africa with a Spanish speaking majority (68%) Egypt No
100%
Only country in Africa with a Spanish speaking majority (68%) Eritrea No
100%
Only country in Africa with a Spanish speaking majority (68%) Ethiopia No
100%
Only country in Africa with a Spanish speaking majority (68%) Kenya No
100%
Only country in Africa with a Spanish speaking majority (68%) Nigeria No
100%
Only country in Africa with a Spanish speaking majority (68%) Somalia No
100%
Only country in Africa with a Spanish speaking majority (68%) South Africa No
100%
Only country in Africa with a Spanish speaking majority (68%) Tanzania No
100%
Only country in Africa with a Spanish speaking majority (68%) Uganda No
100%
Only country in Africa with a Spanish speaking majority (68%) Congo No
98%
The only two countries that were never colonized Congo No
98%
The three countries that share Lake Victoria Djibouti No
98%
Only country in Africa with a Spanish speaking majority (68%) DRC No
98%
The only two countries that were never colonized DRC No
98%
The three countries that share Lake Victoria Egypt No
98%
The three countries that share Lake Victoria Equatorial Guinea No
98%
The three countries that share Lake Victoria Eritrea No
98%
Only country in Africa with a Spanish speaking majority (68%) Gabon No
98%
The only two countries that were never colonized Gabon No
98%
Only country in Africa with a Spanish speaking majority (68%) Liberia No
98%
The only two countries that were never colonized Nigeria No
98%
The three countries that share Lake Victoria Somalia No
98%
The only two countries that were never colonized Uganda No
98%
The three countries that share Lake Victoria Angola No
95%
The three countries that share Lake Victoria Gabon No
95%
The only two countries that were never colonized Kenya No
95%
The three countries that share Lake Victoria Liberia No
95%
The three countries that share Lake Victoria Nigeria No
95%
The only two countries that were never colonized Somalia No
95%
The only two countries that were never colonized Tanzania No
95%
The only two countries that were never colonized Angola No
93%
The five countries with the most populous cities Djibouti No
93%
The four countries in the Horn DRC No
93%
The four countries in the Horn Egypt No
93%
The only two countries that were never colonized Equatorial Guinea No
93%
The five countries with the most populous cities Equatorial Guinea No
93%
The five countries with the most populous cities Eritrea No
93%
The three countries that share Lake Victoria Ethiopia No
93%
The four countries in the Horn Gabon No
93%
The five countries with the most populous cities Gabon No
93%
The six most populated countries Gabon No
93%
The five countries with the most populous cities Liberia No
93%
The six most populated countries Liberia No
93%
The four countries in the Horn Nigeria No
93%
The only two countries that were never colonized South Africa No
93%
The three countries that share Lake Victoria Congo No
91%
The four countries in the Horn Congo No
91%
The four countries in the Horn Equatorial Guinea No
91%
The six most populated countries Eritrea No
91%
The four countries in the Horn Liberia No
91%
The five countries with the most populous cities Somalia No
91%
The three countries that share Lake Victoria South Africa No
91%
The six most populated countries South Africa Yes
91%
Only country in Africa with a Spanish speaking majority (68%) Angola No
89%
The four countries in the Horn Angola No
89%
The six most populated countries Djibouti No
89%
The six most populated countries Equatorial Guinea No
89%
The five countries with the most populous cities Nigeria Yes
89%
The four countries in the Horn Tanzania No
89%
The four countries in the Horn Uganda No
89%
The six most populated countries Angola No
86%
The only two countries that were never colonized Djibouti No
86%
The four countries in the Horn Djibouti Yes
86%
Only country in Africa with a Spanish speaking majority (68%) Equatorial Guinea Yes
86%
The only two countries that were never colonized Eritrea No
86%
The four countries in the Horn Kenya No
86%
The four countries in the Horn Somalia Yes
86%
The four countries in the Horn South Africa No
86%
The five countries with the most populous cities Uganda No
86%
The only two countries that were never colonized Egypt No
84%
The five countries with the most populous cities Egypt Yes
84%
The six most populated countries Egypt Yes
84%
The four countries in the Horn Ethiopia Yes
84%
The six most populated countries Nigeria Yes
84%
The six most populated countries Somalia No
84%
The five countries with the most populous cities Congo No
82%
The four countries in the Horn Eritrea Yes
82%
The three countries that share Lake Victoria Tanzania Yes
82%
The only two countries that were never colonized Ethiopia Yes
77%
The three countries that share Lake Victoria Uganda Yes
77%
The six most populated countries Congo No
75%
The six most populated countries Uganda No
73%
The six most populated countries DRC Yes
68%
The six most populated countries Ethiopia Yes
68%
The five countries with the most populous cities South Africa Yes
68%
The five countries with the most populous cities Angola No
64%
The three countries that share Lake Victoria DRC No
61%
The three countries that share Lake Victoria Kenya Yes
59%
The only two countries that were never colonized Liberia Yes
59%
The six most populated countries Kenya No
57%
The five countries with the most populous cities Kenya No
55%
The five countries with the most populous cities DRC Yes
48%
The five countries with the most populous cities Ethiopia No
45%
The six most populated countries Tanzania Yes
39%
The five countries with the most populous cities Tanzania Yes
32%
No matching quizzes found
Score Distribution
Percent of People with Each Score
Percentile by Number Answered
Your Score History
You have not taken this quiz